Statistics for German Bundesliga Team Quiz

Click here to take the quiz!

General Stats

  • This quiz has been taken 73 times
  • The average score is 10 of 18

Answer Stats

HintAnswer% Correct
FC Bayern Munich
98%
Borussia Dortmund
95%
Bayer 04 Leverkusen
79%
FC Schalke 04
78%
Hertha BSC Berlin
67%
RB Leipzig
67%
VfL Wolfsburg
67%
Eintracht Frankfurt
62%
Werder Bremen
60%
FC Augsburg
52%
Hamburger SV
52%
Borussia Mönchengladbach
51%
TSG 1899 Hoffenheim
51%
SC Freiburg
49%
FC Ingolstadt 04
30%
SV Darmstadt 98
27%
1. FC Cologne
25%
1. FSV Mainz 05
19%

Score Distribution

Percentile by Number Answered

Percent of People with Each Score

Your Score History

You have not taken this quiz